Datum a čas kvízu
24
Celkem bodů
Celkový počet nahraných bodů na tomto kvízu bez doplňovacích otázek.
9.
Pořadí na kvízu
Konečné umístění týmu na tomto kvízu.
Zaznamenané odpovědi
| # | Otázka | Odpověď | Body | Výsledky |
|---|---|---|---|---|
| 1. | Brífink hnutí ANO v poslanecké... | 0 | ||
| 2. | Jak se jmenuje nově zvolená př... | 0 | ||
| 3. | Slavný renesanční malíř zachyt... | 0 | ||
| 4. | Estonská společnost, nabízejíc... | 1 | ||
| 5. | Hokejový klub, který zatím nem... | 0 | ||
| 6. | Ve kterém severoevropském přís... | 0 | ||
| 7. | Jaltská konference byla jedním... | 1 | ||
| 8. | V severoirském přístavním měst... | 0 | ||
| 9. | Jak se jmenuje černohorské pří... | 0 | ||
| 10. | V přístavním italském městě Sa... | 0 |